| 000 | 01317cam a22003494a 4500 | ||
|---|---|---|---|
| 001 | 12940602 | ||
| 003 | PILC | ||
| 005 | 20160329135835.0 | ||
| 008 | 020920r20031999nyub 000 1 eng | ||
| 010 | _a 2002036008 | ||
| 020 | _a1400031567 (pbk.) | ||
| 040 |
_aDLC _cDLC _dDLC |
||
| 041 | 1 |
_aeng _hswe |
|
| 042 | _apcc | ||
| 050 | 0 | 0 |
_aPT 9876.23.A49 _b.V551 2003 |
| 082 | 0 | 0 | _a839.73/74 |
| 100 | 1 |
_aMankell, Henning, _d1948-2015. |
|
| 240 | 1 | 0 |
_aVillospÄr. _lEnglish |
| 245 | 1 | 0 |
_aSidetracked / _cHenning Mankell ; translated from the Swedish by Steven T. Murray. |
| 250 | _a1st Vintage crime/Black Lizard edition. | ||
| 260 |
_aNew York : _bVintage Books, _c2003. |
||
| 300 |
_a420 pages ; _c21 cm. |
||
| 440 | 0 | _aVintage crime/Black Lizard | |
| 500 | _a"Kurt Wallander mysteries." | ||
| 500 | _aOriginally published: Stockholm, Sweden : Ordfront, 1995. | ||
| 700 | 1 | _aMurray, Steven T. | |
| 856 | 4 | 2 |
_3Contributor biographical information _uhttp://www.loc.gov/catdir/bios/random054/2002036008.html |
| 856 | 4 | 2 |
_3Publisher description _uhttp://www.loc.gov/catdir/description/random0413/2002036008.html |
| 906 |
_a7 _bcbc _corignew _d1 _eocip _f20 _gy-gencatlg |
||
| 942 |
_2lcc _cBK |
||
| 999 |
_c292853 _d292853 |
||